| 000 | 00366nam a2200145Ia 4500 | ||
|---|---|---|---|
| 008 | 220217s9999||||xx |||||||||||||| ||und|| | ||
| 020 | _a9788123908670 | ||
| 082 | _a658 KER | ||
| 100 | _aKerzner, Harold | ||
| 245 | 0 | _aProject management | |
| 250 | _a2nd | ||
| 260 |
_aCBS publishers _bNew Delhi _c2004 |
||
| 300 |
_aXVI, 937p. _b295 |
||
| 650 | _aMANAGEMENT | ||
| 999 |
_c183699 _d183699 |
||